| Tag |
First Indicator |
Second Indicator |
Subfields |
| LEADER |
00000cam a2200000 a 4500 |
| 001 |
in00002781402 |
| 006 |
m d f |
| 007 |
cr b|||||||||| |
| 008 |
120802s1983 dcu ob f000 0 eng c |
| 005 |
20221217192041.0 |
| 019 |
|
|
|a 297983528
|a 624458367
|a 805946185
|
| 035 |
|
|
|a (OCoLC)ocn804047563
|
| 040 |
|
|
|a OCLCE
|b eng
|c OCLCE
|d OCLCO
|d GPO
|d MvI
|
| 042 |
|
|
|a pcc
|
| 043 |
|
|
|a n-us---
|
| 049 |
|
|
|a WWW
|
| 074 |
|
|
|a 1042-C (online)
|
| 086 |
0 |
|
|a Y 4.J 89/2:J-97-147
|
| 110 |
1 |
|
|a United States.
|b Congress.
|b Senate.
|b Committee on the Judiciary.
|b Subcommittee on Immigration and Refugee Policy.
|0 http://id.loc.gov/authorities/names/n81113358
|
| 245 |
1 |
0 |
|a Immigration emergency powers
|h [electronic resource] :
|b hearing before the Subcommittee on Immigration and Refuge Policy of the Committee on the Judiciary, United States Senate, Ninety-seventh Congress, second session, on oversight hearing to review presidential emergency powers with respect to immigration, September 30, 1982.
|
| 264 |
|
1 |
|a Washington :
|b U.S. G.P.O.,
|c 1983.
|
| 300 |
|
|
|a 1 online resource (iii, 99 pages)
|
| 336 |
|
|
|a text
|b txt
|2 rdacontent
|
| 337 |
|
|
|a computer
|b c
|2 rdamedia
|
| 338 |
|
|
|a online resource
|b cr
|2 rdacarrier
|
| 504 |
|
|
|a Includes bibliographical references.
|
| 500 |
|
|
|a "Serial no. J-97-147."
|
| 500 |
|
|
|a GPO Cataloging Record Distribution Program (CRDP).
|
| 650 |
|
0 |
|a Emigration and immigration law
|z United States.
|0 http://id.loc.gov/authorities/subjects/sh85042791
|
| 650 |
|
0 |
|a Noncitizens
|z United States.
|0 http://id.loc.gov/authorities/subjects/sh85003551
|
| 650 |
|
0 |
|a Illegal immigration
|0 http://id.loc.gov/authorities/subjects/sh2016000739
|z United States.
|0 http://id.loc.gov/authorities/names/n78095330
|
| 650 |
|
0 |
|a Executive power
|z United States.
|0 http://id.loc.gov/authorities/subjects/sh85046287
|
| 776 |
0 |
8 |
|i Print version:
|a United States. Congress. Senate. Committee on the Judiciary. Subcommittee on Immigration and Refugee Policy.
|t Immigration emergency powers
|w (DLC) 83602218
|w (OCoLC)9744584
|
| 856 |
4 |
0 |
|u https://purl.fdlp.gov/GPO/gpo27918
|t 0
|
| 999 |
f |
f |
|s a033e8a2-14c0-49f3-8eaf-8679b4319a0e
|i 5b843e51-09d1-3c66-be71-6eba4ef92e1d
|t 0
|
| 952 |
f |
f |
|a Texas A&M University
|b College Station
|c Electronic Resources
|d Available Online
|t 0
|e Y 4.J 89/2:J-97-147
|h Superintendent of Documents classification
|
| 998 |
f |
f |
|a Y 4.J 89/2:J-97-147
|t 0
|l Available Online
|